Phương pháp chủ động thức ăn xanh ngoài cỏ cho gia súc
Giới thiệu các kỹ thuật trồng cỏ thâm canh, trồng một số loài cây thức ăn thô xanh. Các phương pháp cụ thể chế biến thức ăn thô xanh ngoài cỏ
Guardado en:
| Autor principal: | |
|---|---|
| Formato: | Libro |
| Lenguaje: | Undetermined |
| Publicado: |
Hà Nội
Nhà xuất bản
2008
|
| Materias: | |
| Etiquetas: |
Agregar Etiqueta
Sin Etiquetas, Sea el primero en etiquetar este registro!
|
| Thư viện lưu trữ: | Trung tâm Học liệu Trường Đại học Cần Thơ |
|---|
| LEADER | 00887nam a2200205Ia 4500 | ||
|---|---|---|---|
| 001 | CTU_142310 | ||
| 008 | 210402s9999 xx 000 0 und d | ||
| 020 | |c 30000 | ||
| 082 | |a 636.085 | ||
| 082 | |b H116 | ||
| 100 | |a Đào, Lệ Hằng | ||
| 245 | 0 | |a Phương pháp chủ động thức ăn xanh ngoài cỏ cho gia súc | |
| 245 | 0 | |c Đào Lệ Hằng | |
| 260 | |a Hà Nội | ||
| 260 | |b Nhà xuất bản | ||
| 260 | |c 2008 | ||
| 520 | |a Giới thiệu các kỹ thuật trồng cỏ thâm canh, trồng một số loài cây thức ăn thô xanh. Các phương pháp cụ thể chế biến thức ăn thô xanh ngoài cỏ | ||
| 650 | |a Field crops feeds,Domestic animals,Thực phẩm | ||
| 650 | |x Breeding,Feeding and feeds,Sự chăn nuôi | ||
| 980 | |a Trung tâm Học liệu Trường Đại học Cần Thơ | ||